000 01262nam a2200325 a 4500
001 82443
003 BD-RjUL
005 20231211152552.0
008 231211s20122008enkab b 001 0 eng
020 _a9780715636961 (pbk.)
035 _a(BD-RjUL)82443
040 _aBAR
_cUKM
_dBWKUK
_dLRU
_dBD-RjUL
_beng
041 _aeng
082 _223
_a382.091824
_bTOI 2012
100 1 _aTomber, R.
_q(Roberta)
_910457
245 1 0 _aIndo-Roman trade :
_bfrom pots to pepper /
_cRoberta Tomber ; maps by Antony Simpson ; illustrations by Penny Copeland.
260 _aLondon :
_bBristol Classical Press,
_c2012
300 _a216 p. :
_bill.;
_c22 cm.
490 0 _aBristol Classical Press debates in archaeology
504 _aIncludes bibliographical references (p. 177-207) and index.
650 4 _aExcavations (Archaeology)
_zIndian Ocean Region
_910458
651 4 _aIndian Ocean Region
_xCommerce
_xHistory
_yTo 1500.
_910459
651 4 _aIndian Ocean Region
_xCommerce
_zRome.
_910460
651 4 _aRome
_xCommerce
_zIndian Ocean Region.
_910461
651 4 _aIndian Ocean Region
_xAntiquities.
_910462
700 1 _aSimpson, Antony
_910463
700 1 _aCopeland, Penny.
_910464
830 _aBristol Classical Press debates in archaeology
_910465
942 _2ddc
_cBK
999 _c82443
_d82443